LEADER 00976nam a2200241 u 4500 001 000000070227 003 CaOOAMICUS 005 20070226122010.0 008 020430s1850 fr u000 u fre u 035 $a10928338 040 $aPUL(R)$bita 100 1 $aDescamps.$0(OLS)http://pul/name/46726 245 10$aHistoire et géographie de Madagascar /$cpar M. Descamps. 260 $aParis :$bBetrand,$c1850. 300 $a452 p., c. di tav. :$bc. geogr. ;$c21 cm 651 4$aMadagascar.$0(OLS)http://pul/subject/25145 651 4$aAfrica$xGeografia.$0(OLS)http://pul/subject/25146 651 4$aAfrica$xStoria.$0(OLS)http://pul/subject/9917 850 $aPUL 852 $aPUL$W1$xDP1 Antico 800$y27$m131 F 6$j90873$nBK-PRI$b $qStampati Antico$B90873$CPULBib$Z2$F90873 $H $81 941 1 $a15 996 $6245$aHistoire et géographie de Madagascar$9(OLS)http://pul/title/92617 996 $6260$aParis :$bBetrand$9(OLS)http://pul/publisher/72967 LEADER 01584nam a2200325 a 4500 001 000000166740 003 CaOOAMICUS 005 20180316095049.0 008 180316s2017 fr u000 u fre r 020 $a9782711627929* 032 $aLibriCat 040 $aPUL$bita 245 00$aMiroir de l'amitié :$bmélanges offerts à Joël Biard à l'occasion de ses 65 ans /$csous la direction de Christophe Grellard ; ouvrage publié avec l'aide de l'École Pratique des Hautes Études et de l'Institut Universitaire de France. 260 $aParis :$bJ. Vrin,$c2017. 300 $a564 p. ;$c25 cm. 490 1 $aEtudes de philosophie médiévale ;$v106 500 $aComprende indici. 504 $aBibliografia in nota. 600 14$aBiard, Joel.$0(OLS)http://pul/subject/45396 700 1 $aGrellard, Christophe,$d1973-$0(OLS)http://pul/name/44735 710 2 $aEcole pratique des hautes études (France).$0(OLS)http://pul/name/5870 710 2 $aInstitut universitaire de France.$0(OLS)http://pul/name/83824 830 0$aEtudes de philosophie médiévale ;$v106.$0(OLS)http://pul/title/1367 850 $aPUL 852 $aPUL$W1$xSL Filosofia 2$y80$mPhil A4 106$j191210$qStampati Altre Collocazioni$B194188$CPULBib$Z2$F194188 $H130660 $81 941 1 $a10 996 $6020$a9782711627929*$9(OLS)http://pul/number/163714 996 $6245$aMiroir de l'amitié :$bmélanges offerts à Joël Biard à l'occasion de ses 65 ans$9(OLS)http://pul/title/206491 996 $6260$aParis :$bJ. Vrin$9(OLS)http://pul/publisher/48393 LEADER 01351nam a2200301 u 4500 001 000000066856 003 CaOOAMICUS 005 20070226121625.0 008 020128s1979 it u000 u ita u 035 $a10918102 040 $aPUL(R)$bita 041 1 $aita$hfre 100 1 $aNemo, Philippe.$0(OLS)http://pul/name/24851 240 10$aHomme structurel.$lItaliano.$0(OLS)http://pul/title/88733 245 12$aL'Uomo strutturale :$bpropedeutica ad una fuga fuori dalle "impasses" crudeli dell'ideologia moderna della scienza /$cPhilippe Némo. 260 $aRoma :$bCittà Nuova,$cc1979. 300 $a219 p. ;$c19 cm 490 1 $aCollana di Filosofia ;$v8 504 $aBibliografia in nota. 650 4$aMetafisica.$0(OLS)http://pul/subject/433 650 4$aTrascendenza e immanenza (filosofia).$0(OLS)http://pul/subject/12582 830 0$aCollana di filosofia (Città nuova).$0(OLS)http://pul/title/497 850 $aPUL 852 $aPUL$W1$xSL Filosofia 1$y2$m96 H 78$j86462$nBK-PRI$b $qStampati$B86462$CPULBib$Z2$F86462 $H $81 941 1 $a8 961 $aINV: 56946 996 $6245$aL'Uomo strutturale :$bpropedeutica ad una fuga fuori dalle "impasses" crudeli dell'ideologia moderna della scienza$9(OLS)http://pul/title/88734 996 $6260$aRoma :$bCittà Nuova$9(OLS)http://pul/publisher/47927